| 000 | 01171nam a22003017a 4500 | ||
|---|---|---|---|
| 999 |
_c12714 _d12714 |
||
| 003 | MIRAKIL | ||
| 005 | 20190208110206.0 | ||
| 008 | 190208b tu ||||| |||| 00| 0 tur d | ||
| 020 | _a9786053994558 | ||
| 040 |
_aTR-AnCHP _cTR-AnCHP |
||
| 041 | _atur | ||
| 082 |
_a330.9051 _bS65 2017 |
||
| 245 | 1 | 0 |
_aSonrası : _bekonomik kriz kültürleri / _cderleyenler: Manuel Castells, João Caraça, Gustavo Cardoso ; çeviren: Ebru Kılıç |
| 246 | _aEkonomik kriz kültürleri | ||
| 260 |
_aİstanbul: _bİstanbul Bilgi Üniversitesi Yayınları, _c2017. |
||
| 300 |
_axxii, 321 s. : _bçiz., grf., _c23 sm. |
||
| 490 | 0 |
_aİstanbul Bilgi Üniversitesi Yayınları ; _aBilgi ve toplum ; _v563. _v9. |
|
| 500 | _aÖzgün yapıt adı: Aftermath: the cultures of the economic crisis | ||
| 504 | _aKaynakça ve dizin vardır. | ||
| 650 | 0 |
_95152 _aKüresel ekonomik kriz _xSosyal açı _y2008-2009 |
|
| 650 | 0 |
_9396 _aEkonomi _xSosyal açı |
|
| 700 | 1 |
_94514 _aCastells, Manuel _eder. |
|
| 700 |
_95153 _aCaraça, João _eder. |
||
| 700 |
_95154 _aCardoso, Gustavo _eder. |
||
| 700 |
_95155 _aKılıç, Ebru _eçev. |
||
| 740 | _aEkonomik kriz kültürleri | ||
| 942 |
_2ddc _cBKS |
||